Управление сложными Интернет-проектами: пер. с англ.

Détails bibliographiques
Auteur principal: Йордон Э. Эдвард
Résumé:Современные сложные интернет-проекты требуют новых подходов к управлению процессом проектирования. Легендарный руководитель отрасли информационных технологий предоставляет практические решения ключевых проблем, связанных с разработкой интернет-приложений. Настоящее руководство можно считать продолжением книги «Путь камикадзе» (издательство «ЛОРИ»).
Langue:russe
Publié: Москва, Лори, 2014
Sujets:
Format: MixedMaterials Livre
KOHA link:https://koha.lib.tpu.ru/cgi-bin/koha/opac-detail.pl?biblionumber=244455

MARC

LEADER 00000nam0a2200000 4500
001 244455
005 20231101232041.0
010 |a 9785855823608 
035 |a (RuTPU)RU\TPU\book\265839 
090 |a 244455 
100 |a 20131023d2014 km y0rusy50 ca 
101 1 |a rus  |c eng 
102 |a RU 
105 |a a z 001zy 
200 1 |a Управление сложными Интернет-проектами  |e пер. с англ.  |f Э. Йордон 
210 |a Москва  |c Лори  |d 2014 
215 |a 344 с.  |c ил. 
330 |a Современные сложные интернет-проекты требуют новых подходов к управлению процессом проектирования. Легендарный руководитель отрасли информационных технологий предоставляет практические решения ключевых проблем, связанных с разработкой интернет-приложений. Настоящее руководство можно считать продолжением книги «Путь камикадзе» (издательство «ЛОРИ»). 
606 1 |a Интернет  |2 stltpush  |3 (RuTPU)RU\TPU\subj\12831  |9 39541 
610 1 |a интернет-проекты 
610 1 |a бизнес-процессы 
610 1 |a реинжиниринг 
610 1 |a электронный бизнес 
610 1 |a программное обеспечение 
610 1 |a разработка 
610 1 |a управление 
610 1 |a проектирование 
610 1 |a кодирование 
610 1 |a тестирование 
610 1 |a мониторинг 
610 1 |a риски 
610 1 |a средства 
610 1 |a технологии 
675 |a 004.738.5  |v 4 
700 1 |a Йордон  |b Э.  |g Эдвард 
801 1 |a RU  |b 63413507  |c 20131023 
801 2 |a RU  |b 63413507  |c 20150630  |g RCR 
942 |c BK 
959 |a 137/20131023  |d 2  |e 253,00  |f ЧЗТЛ:1  |f АНЛ:1